Distribución del ingreso y democracia
Guardado en:
| Autor principal: | |
|---|---|
| Formato: | Texto |
| Publicado: |
San José :
|
| Materias: | |
| Etiquetas: |
Agregar Etiqueta
Sin Etiquetas, Sea el primero en etiquetar este registro!
|
MARC
| LEADER | 00000 a a2200000 04500 | ||
|---|---|---|---|
| 001 | 15561 | ||
| 003 | |||
| 040 | |||
| 090 | |a 029600 | ||
| 100 | |a Múñoz, Oscar | ||
| 245 | |a Distribución del ingreso y democracia | ||
| 260 | |a San José : | ||
| 300 | |a 46 p. | ||
| 650 | |a DISTRIBUCION DEL INGRESO | ||
| 650 | |a DEMOCRACIA | ||
| 999 | |c 10964 |d 10964 | ||
